| 000 | 00696nam a2200181 a 4500 | ||
|---|---|---|---|
| 005 | 20220811063635.0 | ||
| 008 | 991125s1986 mx 000 0 spa u | ||
| 035 | _aUPN01000006591 | ||
| 049 | _aF | ||
| 050 | 4 |
_aLE7.2913 B2g _bC652 1986 |
|
| 110 | 2 |
_aColegio de Bachilleres (México). _bCentro de Capacitación para el Trabajo |
|
| 245 | 1 | 0 |
_aCapacitación en contabilidad : _bprograma de la asignatura contabilidad II / _cColegio de Bachilleres, Centro de Capacitación para el Trabajo. |
| 260 |
_aMéxico : _bColegio de Bachilleres, _c1986. |
||
| 300 | _a23 p. | ||
| 650 | 4 |
_aCONTABILIDAD - _vPLANES Y PROGRAMAS _912282 |
|
| 650 | 4 |
_aEducación superior _vPlanes y programas _95828 |
|
| 905 | _aLibro | ||
| 999 |
_c6591 _d6591 |
||